Responses for show #4416 - Monday, November 17, 2003

2003 College Championship semifinal game 1.
From Yale University.

Contestants

[<< previous game]

Grant Hutchinson, a freshman at the University of West Florida from Pensacola, Florida

Alex Albrecht, a junior at Purdue University from Clinton, Indiana

Ellen Auer, a senior at St. Olaf College from Savannah, Georgia

[next game >>]

Jeopardy! Round responses

ASTRONOMY & SPACE
RECENT CINEMA
ANAGRAMMED COUNTRIES
DAISY CRAZY
THE WORLD ENVIRONMENT
ENDS WITH 2 VOWELS
    $200 2
a comet

Ellen
    $200 4
Freddy vs. Jason

Grant
    $200 1
Burma

Grant
    $200 14
Daisy Fuentes

Ellen
    $200 13
automobiles

Ellen
    $200 24
Pennsylvania

Grant
    $400 5
eclipses

Alex
    $400 9
Dickie Roberts

Grant
    $400 3
Iran

Triple Stumper
    $400 15
Driving Miss Daisy

Alex
    $400 19
pesticides or insecticides

Alex
    $400 25
Kwanzaa

Ellen
    $600 6
a nova

Ellen
    $600 10
Seabiscuit

Grant
    $600 21
Yemen

Ellen
    $600 16
chrysanthemum

Ellen
    $600 20
(Grant: What is a bayou?)

lakes

Grant
Triple Stumper
    $600 26
a rookie

Grant
    $800 7
Alan Shepard

Ellen
    $800 11
2 Fast 2 Furious

Ellen
    $800 22
Angola

Grant
    $800 17
(Grant: Who is Dogwood?)

Dagwood (Bumstead)

AlexGrant
    $800 27
(Alex Albrecht: What is a tortoise?)

turtle

Alex
Triple Stumper
    $1,000 30
a Samurai

Grant
    $1000 8
the International Space Station

Grant
    $1000 12
Terminator 3

Grant
    $1000 23
Algeria

Ellen
    $1000 18
Oscar Wilde

Grant
    $1000 28
mercury

Alex
    $1000 29
Joshua

Grant

Scores at the first commercial break (after clue 15):

Ellen Alex Grant
$2,800 $800 $3,400

Scores at the end of the Jeopardy! Round:

Ellen Alex Grant
$5,400 $2,200 $6,600

Double Jeopardy! Round responses

YALIES -- THEY'RE SO DRAMATIC!
EXPLORATION
THE U.S. CONGRESS
FIRST, MIDDLE & LAST NAME'S THE SAME
WHERE THE HECK IS THAT?
CHANGE A LETTER
    $400 16
David Hyde Pierce

Grant
    $400 7
the Nautilus

Grant
    $400 6
a whip

Grant
    $400 21
Clark

Grant
    $400 1
Kitchener

Ellen
    $400 19
Kit Kat

Ellen
    $800 17
Sex and the City

Ellen
    $800 8
Christopher Columbus

Grant
    $800 12
25

Ellen
    $800 22
Lewis

Grant
    $800 2
Nicaragua

Alex
    $800 20
hip-hop

Grant
    $1200 18
(Alex Albrecht: Who is Sam Waterson?)

Sam Waterston

Alex
Triple Stumper
    $1200 9
John C. Fremont

Grant
    $3,400 13
(Ellen: What are the minutes?)

the Congressional Record

Ellen
    $1200 23
Howard

Triple Stumper
    $2,000 3
(Alex Albrecht: What is the Amazon?)

the Nile

Alex
    $1200 26
flim flam

Triple Stumper
    $1600 29
(Ellen: Who is Frances McDermott?)

Frances McDormand

Ellen
Triple Stumper
    $1600 10
Sir Francis Drake

Grant
    $1600 14
the rotunda

Ellen
    $1600 24
Allen

Triple Stumper
    $1600 4
the Netherlands

Triple Stumper
    $1600 27
(Ellen: [No response])

Fiddle Faddle

Ellen
Triple Stumper
    $2000 30
Jane Kaczmarek

Ellen
    $2000 11
Timbuktu

Grant
    $2000 15
cloture

Grant
    $2000 25
James

Grant
    $2000 5
Amboy

Ellen
    $2000 28
wishy-washy

Grant

Scores at the end of the Double Jeopardy! Round:

Ellen Alex Grant
$6,800 -$200 $21,400
(lock game)

[wagering suggestions for these scores]

Final Jeopardy! Round responses

OLYMPIC SPORTS
EllenWhat is rhythmic gymnastics?
$1,200
GrantWhat is ?
$0
beach volleyball

Final scores:

Ellen Alex Grant
$5,600 -$200 $21,400
2nd place: $5,000 3rd place: $5,000 Finalist

Game dynamics:

Coryat scores:

Ellen Alex Grant
$10,200 $1,800 $21,200
17 R,
3 W
(including 1 DD)
6 R,
3 W
(including 1 DD)
25 R
(including 1 DD),
2 W

Combined Coryat: $33,200

The J! Archive is created by fans, for fans. The Jeopardy! game show and all elements thereof, including but not limited to copyright and trademark thereto, are the property of Jeopardy Productions, Inc. and are protected under law. This website is not affiliated with, sponsored by, or operated by Jeopardy Productions, Inc. Join the discussion at JBoard.tv.